ბათუმის შოთა რუსთაველის სახელმწიფო უნივერსიტეტის ბიბლიოთეკა

Скифские городища / (ბიბ.ჩანაწერი № 60773)

000 -LEADER
fixed length control field 00586nam a22001577a 4500
005 - DATE AND TIME OF LATEST TRANSACTION
control field 20231019172053.0
008 - FIXED-LENGTH DATA ELEMENTS--GENERAL INFORMATION
fixed length control field 231019s1975 ru ||||| |||| 00| 0 rus d
080 ## - UNIVERSAL DECIMAL CLASSIFICATION NUMBER
Universal Decimal Classification number 902.6 B-93
100 ## - MAIN ENTRY--PERSONAL NAME
Personal name Высотская, Т.Н.
9 (RLIN) 20149
245 ## - TITLE STATEMENT
Title Скифские городища /
Statement of responsibility, etc. Т.Н. Высотская/
264 ## - PRODUCTION, PUBLICATION, DISTRIBUTION, MANUFACTURE, AND COPYRIGHT NOTICE
Place of production, publication, distribution, manufacture Симферополь :
Name of producer, publisher, distributor, manufacturer Таврия,
Date of production, publication, distribution, manufacture, or copyright notice 1975.
300 ## - PHYSICAL DESCRIPTION
Extent 95 стр.:
Other physical details ил.;
Dimensions 17 см.
440 ## - SERIES STATEMENT/ADDED ENTRY--TITLE
Title Археологические памятники Крыма
9 (RLIN) 20150
653 ## - INDEX TERM--UNCONTROLLED
keyword სკვითური სიმაგრეები
942 ## - ADDED ENTRY ELEMENTS (KOHA)
Source of classification or shelving scheme
Koha item type წიგნი
ეგზემპლარები
Withdrawn status Lost status Source of classification or shelving scheme Damaged status Not for loan Permanent Location Current Location Shelving location Date acquired Cost, normal purchase price Full call number Barcode Date last seen Copy number Uniform Resource Identifier Price effective from Koha item type Public note
          ბათუმის შოთა რუსთაველის სახელმწიფო უნივერსიტეტის მთავარი ბიბლიოთეკა ბათუმის შოთა რუსთაველის სახელმწიფო უნივერსიტეტის მთავარი ბიბლიოთეკა წიგნსაცავი 2023-10-19 4.00 902.6 B-93 65345 2023-10-19 65345 ბსუ-ს საპატიო დოქტორის გურამ ლორთქიფანიძის საჩუქარი 2023-10-19 წიგნი 4 ლ.